| 000 | 00632cam a2200205 4500500 | ||
|---|---|---|---|
| 005 | 20260329004027.0 | ||
| 041 | _afre | ||
| 042 | _adc | ||
| 100 | 1 | 0 |
_aLacroix, Samuel _eauthor |
| 245 | 0 | 0 | _aCe bien qui fait mal à l’âme. La littérature comme expérience morale |
| 260 | _c2018. | ||
| 500 | _a94 | ||
| 690 | _aBien | ||
| 690 | _aLittérature | ||
| 690 | _aMal | ||
| 690 | _aMichel Terestchenko | ||
| 690 | _aMorale | ||
| 786 | 0 | _nPhilosophie magazine | 116 | 2 | 2018-02-01 | p. 65-65 | 1951-1787 | |
| 856 | 4 | 1 | _uhttps://shs.cairn.info/magazine-philosophie-magazine-2018-2-page-65?lang=fr&redirect-ssocas=7080 |
| 999 |
_c1829912 _d1829912 |
||